| 000 | 00505nam a22001817a 4500 | ||
|---|---|---|---|
| 999 |
_c41697 _d41697 |
||
| 003 | OSt | ||
| 005 | 20221102160026.0 | ||
| 008 | 221102b ||||| |||| 00| 0 eng d | ||
| 020 | _a9789380902449 | ||
| 040 | _coclc | ||
| 050 | _aTP370 | ||
| 082 |
_a641.3 _bDEV/F |
||
| 100 |
_99227 _aDevi,Nithya M. |
||
| 245 |
_aFood science and technology / _cM. Nithya devi |
||
| 260 |
_aJAIPUR: _bAadi Publications, _c2011 |
||
| 300 | _a262 p | ||
| 942 |
_2ddc _cBK _h641.3 _iDEV/F _k641.3 _mDEV/F |
||